000 00796nam a2200289Ia 4500
005 20250425160712.0
008 250425s9999 xx 000 0 und d
020 _a9688809470
041 _aspa
043 _amx
082 _a519.5
100 _aHOPKINS, KENNETH D.
245 0 _aESTADISTICA BASICA PARA LAS CIENCIAS SOCIALES Y DEL COMPORTAMIENTO
250 _a3A ED.
260 _aMEXICO
260 _aMéxico
_bPRENTICE-HALL
_c1997
300 _a406
500 _aTítulo Traducido: BASIC STATISTICS FOR THE BEHAVIORAL SCIENCES
650 _aESTADISTICAS
650 _aINFERENCIAS ESTADISTICAS
650 _aMETODOS ESTADISTICOS
700 _aGLASS, GENE V.
700 _aHOPKINS, B. R.
700 _aRICARDO CRUZ QUINTANA
_etraductor
942 _c01
010 _a2887
999 _c194436
_d194436